000 00516nam a22002177a 4500
003 UA-OsUOA
001 38310
007 ta
008 20060504b un ||||| |||| 00| 0 ukr d
100 _aЯкобсен Й.П.
090 _a82
_bЯ11
942 _cSA
040 _aUA-OsUOA
_brus
_cUA-OsUOA
_dUA-OsUOA
245 _aНильс Люне
300 _a1-64 с.
955 _a0
041 _arus
080 _a82
773 0 _w38309
650 7 _a82 Література. Літературознавство
_2UDC
999 _c324474
_d324474